• 首页
  • 本馆介绍
  • 公告通知
  • 最新文献
  • 馆藏检索
  • 电子资源
  • 读者导购
  • 参考咨询
  • 我的图书馆
  • 登录
  • 详细信息显示
  • 放入我的书架
  • 预约/预借图书
  • 作者相关作品
  • 分类相关作品
  • 丛书相关作品
  • 出版社相关作品

书目信息

  • 表格格式
  • 工作单格式
  • 卡片格式
题名:
学前教育学原理
    
 
作者: 查包洛塞兹 , 马尔科娃 编 ;李子卓 译
分册:  
出版信息: 北京   人民教育出版社  1984
页数: 302页
开本: 21cm
丛书名:
单 册:
中图分类: G610 , G61
科图分类:
主题词: 学前教育--教育学
电子资源:
ISBN:
000 00778nam0 2200277 45
001 0184005316
005 20040425142618.6
010    @dCNY1.70
091    @a7012.0820
100    @a19950706d1984 em y0chiy0121 ea
101 1  @achi@crus
102    @aCN@b110000
105    @ay z 000yy
106    @ar
200 10 @a学前教育学原理@Axue qian jiao yu xue yuan li@f(苏)查包洛塞兹,(苏)马尔科娃编@g李子等译
210    @a北京@c人民教育出版社@d1984
215    @a302页@d21cm
606    @a学前教育@x教育学
690    @aG610@v3
690    @aG61
701  1 @a查包洛塞兹@Acha bao luo sai zi@4编
701  1 @a马尔科娃@Ama er ke wa@4编
702  0 @a李子卓@Ali zi zhuo@4译
801  0 @aCN@b上海图书馆@c20040425
801  2 @aCN@bNLC@c20040425
905    @f4@b141031-034@dG61@e32
    
    学前教育学原理/(苏)查包洛塞兹,(苏)马尔科娃编/李子等译.-北京:人民教育出版社,1984
    302页;21cm
    
    
    ISBN :CNY1.70
    
●
相关链接 在E读中查询图书 在五车中查询图书 在当当中查询图书 在豆瓣中查询图书


正题名:学前教育学原理     索取号:G61/32         预约/预借

序号 登录号 条形码 馆藏地/架位号 状态 备注
1 0141031   000466855   密集书库/ [索取号:G61/32] 在馆    
2 0141032   000466819   密集书库/ [索取号:G61/32] 在馆    
3 0141033   000464633   密集书库/ [索取号:G61/32] 在馆    
4 0141034   000464642   密集书库/ [索取号:G61/32] 在馆    
5 0141035   000464571   第一样本阅览室/ [索取号:G61/32] 在馆    
唐山师范学院图书馆 欢迎您!
大连网信软件有限公司© 版权所有